000
00288nam a2200109Ia 4500
001
588625
005
20250717120835.0
008
250717s9999 xx 000 0 und d
245
0
_a
V-5 EN GÜZEL MESLEK EMEKLİLİK
_c
ŞEBNEM GÜLER KARACAN
260
_b
ERDEM YAYINLARI
_c
2018
300
_b
94
999
_c
588625
_d
588625